000 01294naa a22003017a 4500
001 BR8106628
003 BR-BrBNA
005 20250716171951.0
007 ta
008 250630b bl.|||m| |||| 00| 0 por d
040 _aBR-BrBNA
_bpor
_cBiblioteca Nacional de Agricultura
041 _a(Pt)
072 _aE70
_b/G514
090 _aE70 BR8106628
100 1 _aSilva Junior, J.H. da
245 1 _aArmazenamento de produtos agropecuarios [Minas Gerais, Brasil]
500 _aPrograma Estadual de Promocao de Pequenos Produtores Rurais de Minas Gerais - MG 2 Miranda, S.F. de (ed.) Belo Horizonte, MG (Brasil): 1981. p. 5-7 (BR8106628-AMS)
773 0 _tPrograma Estadual de Promocao de Pequenos Produtores Rurais de Minas Gerais - MG 2
_aMiranda, S.F. de (ed.). Empresa de Pesquisa Agropecuaria de Minas Gerais, Belo Horizonte (Brasil)
_wE70 BR8106628
_gBelo Horizonte, MG (Brasil), 1981. p. 5-7
650 _aARMAZENAMENTO DE ALIMENTO
650 _aPRODUTO AGRICOLA
650 _aPOLITICA DE PRECO
650 _aABASTECIMENTO
650 _aESTOQUE REGULADOR
650 _aMINAS GERAIS
490 _aBoletim de Orientacao de Mercado Agricola - Empresa de Pesquisa Agropecuaria de Minas Gerais (Brazil)
_vv. 1(8)
942 _cAMS
_2AGRIS
909 _a202506
_bLúcia
_c55
_dLúcia Elande
999 _c333897
_d333897